书目信息 |
| 题名: |
中国百年话剧史稿
|
|
| 作者: | 黄会林 主编 ;黄会林 著 | |
| 分册: | 现代卷 | |
| 出版信息: | 北京 北京师范大学出版社 2009.06 |
|
| 页数: | 264页 | |
| 开本: | 23cm | |
| 丛书名: | 新世纪高等学校教材 | |
| 单 册: | ||
| 中图分类: | J824 | |
| 科图分类: | ||
| 主题词: | 话剧--hua ju--戏剧史--中国--现代--高等学校--教材 | |
| 电子资源: | ||
| ISBN: | 978-7-303-09670-1 | |
| 000 | 00940cam 2200265 450 | |
| 001 | CAL 012009113047 | |
| 005 | 20111223173339.76 | |
| 010 | @a978-7-303-09670-1@dCNY26.00 | |
| 100 | @a20090720d2009 em y0chiy50 ea | |
| 101 | 0 | @achi |
| 102 | @aCN@b110000 | |
| 105 | @aa a 000yy | |
| 200 | 1 | @a中国百年话剧史稿@Azhong guo bai nian hua ju shi gao@i现代卷@f黄会林主编@g黄会林著@Ghuang hui lin zhu |
| 210 | @a北京@c北京师范大学出版社@d2009.06 | |
| 215 | @a264页@c图@d23cm | |
| 225 | 2 | @a新世纪高等学校教材@Axin shi ji gao deng xue xiao jiao cai@i汉语言文学专业课系列教材 |
| 320 | @a有书目 | |
| 410 | 0 | @12001 @a新世纪高等学校教材@i汉语言文学专业课系列教材 |
| 517 | 1 | @a现代卷@Axian dai juan |
| 606 | 0 | @a话剧@Ahua ju@x戏剧史@y中国@z现代@x高等学校@j教材 |
| 690 | @aJ824@v4 | |
| 701 | 0 | @a黄会林@AHuang Huilin@f1934-@4主编 |
| 702 | 0 | @a黄会林@Ahuang hui lin@4著 |
| 801 | 0 | @aCN@bZZRC@c20111223 |
| 905 | @aZUCC@dJ824@eH8301@f2 | |
| 中国百年话剧史稿.现代卷/黄会林主编/黄会林著.-北京:北京师范大学出版社,2009.06 |
| 264页:图;23cm.-(新世纪高等学校教材.汉语言文学专业课系列教材) |
| ISBN 978-7-303-09670-1:CNY26.00 |
| ● |
| 相关链接 |
|
|
|
正题名:中国百年话剧史稿
索取号:J824/H8301
 
预约/预借
| 序号 | 登录号 | 条形码 | 馆藏地/架位号 | 状态 | 备注 |
| 1 | 1065786 | 210657868 | 社科库309/309社科库 96排1列2层/ [索取号:J824/H8301] | 在馆 | |
| 2 | 1065787 | 210657877 | 社科库309/309社科库 96排1列2层/ [索取号:J824/H8301] | 在馆 |